Random Country Flags Quiz - Statistics

General Stats
  • This quiz has been taken 220 times
  • The average score is 19 of 20
Answer Stats
Picture Answer % Correct
United States
100%
Brazil
99%
France
99%
Germany
99%
India
99%
Spain
99%
Israel
97%
Mexico
97%
Turkey
97%
Ukraine
97%
Australia
96%
Canada
96%
Italy
96%
Russia
96%
Finland
95%
Iran
95%
Portugal
94%
Austria
92%
Czech Republic
88%
Dominican Republic
82%
No matching quizzes found
Score Distribution
Percent of People with Each Score
Percentile by Number Answered
Your Score History
You have not taken this quiz